| 000 | 00612nam a22002057a 4500 | ||
|---|---|---|---|
| 003 | OSt | ||
| 005 | 20240627075432.0 | ||
| 008 | 240627b |||||||| |||| 00| 0 eng d | ||
| 020 | _a9789386372031 | ||
| 040 |
_aDWC- Main Lib _cOC |
||
| 082 | _aCirc. 332.6 c552a 2018 | ||
| 100 | _aChoudghary, Rajni | ||
| 245 |
_aAsset management / _cRajni Choudghary. |
||
| 260 |
_a New Delhi, India : _bRandom Publication, _cc2018. |
||
| 300 |
_a260 pages : _b illustrations ; _c23cm. |
||
| 504 | _aIncludes bibliography and index. | ||
| 650 | _a1. Investment | ||
| 650 | _a2. Financial management | ||
| 942 |
_2ddc _cBK-CIRC _n1 |
||
| 999 |
_c1523 _d1523 |
||